[Event "BCF-ch"]
[Site "Southampton"]
[Date "1986.??.??"]
[Round "5"]
[White "Chin, Francis"]
[Black "Lawson, David"]
[Result "1/2-1/2"]
[WhiteElo "2075"]
[BlackElo "2200"]

1.d4 Nf6 2.Nf3 e6 3.c4 Bb4+ 4.Bd2 Qe7 5.g3 b6 6.Bg2 Bb7 7.O-O Bxd2 8.Qxd2 d6
9.Nc3 O-O 10.Rfe1 Nbd7 11.e4 e5 12.Rad1 Rfe8 13.b3 a6 14.Qc2 Rab8 15.Re2 h6
16.Rde1 c6 17.Nd1 Nf8 18.Qd2 Rbd8 19.Bh3 Qc7 20.Nh4 b5 21.Nf5 Ng6 22.Bg2 Kh7
23.d5 c5 24.Nde3 b4 25.Rd1 Bc8 26.a4 a5 27.Ree1 Nf8 28.Kf1 Bxf5 29.Nxf5 Ng8
30.Ke2 g6 31.Ne3 Kg7 32.Kd3 Nf6 33.Kc2 N8h7 34.Rg1 Rh8 35.Rde1 Ne8 36.h4 Kf8
37.Bh3 Ke7 38.f3 Ng7 39.Ng4 h5 40.Nf2 Rdg8 41.f4 f6 42.Nd3 Kd8 43.fxe5 fxe5
44.Rgf1 Qe7 45.Rf2 Rf8 46.Ref1 Rxf2 47.Rxf2 Rf8 48.Qh6 Rxf2+ 49.Nxf2 Nf8
50.Kd3 Ne8 51.Nd1 Qg7 52.Qxg7 Nxg7 53.Ke3 Ke7 54.Nf2 Kf6 55.Bc8 g5 56.Kf3 gxh4
57.gxh4 Ng6 58.Kg3 Nf4 59.Kf3 Ke7 60.Bh3 Ne8 61.Bf1 Nf6 62.Kg3 Kf8 63.Kf3 Kg7
64.Bh3 Kf7 65.Bc8 Ne8 66.Bd7 Nc7 67.Bc8 Na8 68.Bh3 Nc7 69.Bd7 Ke7 70.Bc8 Na8
71.Bh3 Nb6 72.Bf1 Nd7 73.Bh3 Nf8 74.Bf1 Nh7 75.Bh3 Kf7 76.Bf1 Kf8 77.Bh3 Ke8
78.Bf1 Ke7 79.Bh3 Nf8 80.Bf1 N8g6 81.Kg3 Kf7 82.Bd3 Nxd3 83.Nxd3 Kf6 84.Kh3 Kf7  1/2-1/2

[Event "BCF-ch"]
[Site "Southampton"]
[Date "1986.??.??"]
[Round "6"]
[White "Hawksworth, John C"]
[Black "Lawson, David"]
[Result "1-0"]
[WhiteElo "2400"]
[BlackElo "2200"]

1.d4 Nf6 2.c4 e6 3.Nf3 Bb4+ 4.Bd2 Qe7 5.g3 Nc6 6.Bg2 Bxd2+ 7.Nbxd2 d6 8.O-O O-O
9.e4 e5 10.d5 Nb8 11.Ne1 c6 12.Nd3 Re8 13.Qb3 Nbd7 14.Rae1 cxd5 15.cxd5 b6
16.Nc4 Ba6 17.Nb4 Bb5 18.Nc6 Bxc6 19.dxc6 Nb8 20.Qa4 Qc7 21.Rc1 Nxc6 22.Ne3 Rac8
23.Bh3 Nd7 24.b4 Qb7 25.Nf5 Re6 26.Rfd1 b5 27.Qc2 Qb8 28.Nxd6 Rxd6 29.Bxd7  1-0

[Event "BCF-ch"]
[Site "Southampton"]
[Date "1986.??.??"]
[Round "10"]
[White "Agnos, Demetrios"]
[Black "Pritchett, Craig William"]
[Result "0-1"]
[WhiteElo "2255"]
[BlackElo "2400"]

1.d4 Nf6 2.c4 e6 3.Nf3 Bb4+ 4.Bd2 c5 5.g3 Qb6 6.Bxb4 Qxb4+ 7.Qd2 Nc6 8.Qxb4 Nxb4
9.Na3 b6 10.Bg2 Bb7 11.dxc5 bxc5 12.O-O Ke7 13.Nb5 a6 14.Nc3 Rab8 15.Rfd1 d6
16.Rd2 Ne4 17.Nxe4 Bxe4 18.b3 f5 19.Rad1 Rhd8 20.Ng5 Bxg2 21.Kxg2 h6 22.Nh3 a5
23.Re1 d5 24.cxd5 Rxd5 25.Red1 Rbd8 26.Rxd5 Rxd5 27.Rxd5 exd5 28.Nf4 Kd6
29.a4 g5 30.Nh5 c4 31.bxc4 dxc4 32.Kf1 Nd5 33.Ke1 Kc5 34.Ng7 Ne7 35.Kd2 Kb4
36.Ne8 Kb3 37.Nd6 c3+ 38.Kc1 Kxa4 39.Kc2 Kb4 40.e4 fxe4 41.Nxe4 Nd5 42.f4 gxf4
43.gxf4 a4 44.f5 Ne3+ 45.Kd3 c2 46.Kd2 a3 47.Nc3 c1=Q+  0-1

[Event "Tallinn (Women)"]
[Site "Tallinn"]
[Date "1986.??.??"]
[Round "13"]
[White "Csonkics, Tunde"]
[Black "Sakhatova, Gulnar"]
[Result "1/2-1/2"]
[WhiteElo "2100"]
[BlackElo "2180"]

1.d4 Nf6 2.c4 e6 3.Nf3 Bb4+ 4.Bd2 Qe7 5.g3 O-O 6.Bg2 Bxd2+ 7.Qxd2 d6 8.Nc3 c6
9.O-O Nbd7 10.e4 e5 11.Rfe1 Re8 12.b3 a6 13.Rad1 b5 14.Nh4 Nb6 15.Nf5 Bxf5
16.exf5 Rac8 17.c5 Nbd7 18.b4 dxc5 19.dxc5 a5 20.a3 Nb8 21.f4 axb4 22.axb4 Qc7
23.Ne4 Nxe4 24.Rxe4 Red8 25.Qe2 Rxd1+ 26.Qxd1 exf4 27.Rxf4 Nd7 28.Rd4 Ne5
29.Rd6 Qe7 30.h3 h6 31.Qd4 Ra8 32.Qf4 Ra2 33.f6 gxf6 34.Qxf6 Qxf6 35.Rxf6 Kg7
36.Rd6 Rb2 37.Bxc6 Rxb4 38.Bg2 Rc4 39.Rd5 Kf6 40.c6  1/2-1/2

[Event "Agzamov mem"]
[Site "Tashkent"]
[Date "1986.??.??"]
[Round "9"]
[White "Rashkovsky, Nukhim N"]
[Black "Khasin, Alexander"]
[Result "1/2-1/2"]
[WhiteElo "2420"]
[BlackElo "2420"]

1.d4 Nf6 2.c4 e6 3.Nf3 Bb4+ 4.Bd2 Qe7 5.g3 Nc6 6.Nc3 d5 7.a3 Bxc3 8.Bxc3 O-O
9.Bg2 Rd8 10.O-O Ne4 11.Qc2 a5 12.Rfd1 b6 13.Be1 Bb7 14.Rac1 Nd6 15.cxd5 exd5
16.Nh4 Qe6 17.Rd3 Rac8 18.e3 Ne7 19.Nf3 Ne4 20.b4 axb4 21.axb4 Ba6 22.Ra3 Bb5
23.Nd2 Nd6 24.Nb1 Ra8 25.Rxa8 Rxa8 26.Nc3 Bc4 27.e4 dxe4 28.Nxe4 Ra2 29.Qb1 Nxe4
30.Bxe4 f5 31.d5 Qxe4 32.Qxe4 fxe4 33.Rxc4 Nxd5 34.Rxe4 c5 35.bxc5 bxc5 36.Rc4 Nb4
37.Bxb4 cxb4 38.Rxb4 h6 39.Kg2 g6 40.Rb7 Ra3 41.Rc7 Rb3 42.g4 g5 43.f3 Ra3
44.h4 gxh4 45.Rc5 Kg7 46.Rh5 Ra2+ 47.Kh3 Rf2 48.Rf5 Kg6 49.Kxh4 h5  1/2-1/2

[Event "Agzamov mem"]
[Site "Tashkent"]
[Date "1986.??.??"]
[Round "15"]
[White "Zaichik, Gennadi"]
[Black "Khasin, Alexander"]
[Result "1/2-1/2"]
[WhiteElo "2480"]
[BlackElo "2420"]

1.d4 Nf6 2.c4 e6 3.Nf3 Bb4+ 4.Bd2 Qe7 5.e3 b6 6.Bxb4 Qxb4+ 7.Qd2 Qxd2+ 8.Nfxd2 Bb7
9.Be2 d6 10.Nc3 Ke7 11.Bf3 Bxf3 12.Nxf3 Nbd7 13.Ke2 c5 14.Rhd1 Rhc8 15.d5 e5
16.e4 Ne8 17.a4 Nc7  1/2-1/2

[Event "Agzamov mem"]
[Site "Tashkent"]
[Date "1986.??.??"]
[Round "15"]
[White "Novikov, Igor A"]
[Black "Yermolinsky, Alex"]
[Result "1/2-1/2"]
[WhiteElo "2490"]
[BlackElo "2445"]

1.d4 Nf6 2.c4 e6 3.Nf3 Bb4+ 4.Bd2 Qe7 5.g3 Nc6 6.Bg2 Bxd2+ 7.Nbxd2 d6 8.O-O e5
9.d5 Nb8 10.e4 a5 11.Qc2 O-O 12.Ne1 Na6 13.Nd3 c6 14.Rfc1 Bd7 15.b3 Rfc8
16.Qd1 Qd8 17.Nf1 cxd5 18.cxd5 Rxc1 19.Rxc1 Rc8 20.Ne3 g6 21.Nc4 b5 22.Ne3 Rxc1
23.Qxc1 Qc7  1/2-1/2

[Event "Tirnavia-B"]
[Site "Trnava"]
[Date "1986.??.??"]
[Round "8"]
[White "Cervenka, Imrich"]
[Black "Eperjesi, Laszlo"]
[Result "1/2-1/2"]
[WhiteElo "2250"]
[BlackElo "2360"]

1.d4 Nf6 2.Nf3 e6 3.c4 Bb4+ 4.Bd2 c5 5.Bxb4 cxb4 6.e3 b6 7.Bd3 Bb7 8.Nbd2 O-O
9.e4 d6 10.Qe2 Nbd7 11.e5 dxe5 12.dxe5 Nc5 13.Bc2 Nh5 14.Qe3 f5 15.O-O-O Qe7
16.h3 g6 17.Nb3  1/2-1/2

[Event "Wuppertal"]
[Site "Wuppertal"]
[Date "1986.??.??"]
[Round "?"]
[White "Meyer, Peter"]
[Black "King, Daniel J"]
[Result "1/2-1/2"]
[WhiteElo "2295"]
[BlackElo "2460"]

1.d4 Nf6 2.Nf3 e6 3.c4 Bb4+ 4.Bd2 a5 5.g3 b6 6.Bg2 Bb7 7.O-O O-O 8.Nc3 d6
9.Qc2 Nbd7 10.Rfe1 Bxc3 11.Bxc3 Be4 12.Qc1 d5 13.b3 dxc4 14.bxc4 c5 15.Qb2 cxd4
16.Bxd4 Qc7 17.Ne5 Bxg2 18.Kxg2 Nc5 19.Nd3 Ncd7 20.Ne5 Nc5 21.Nd3 Ncd7  1/2-1/2

[Event "EU-ch U18"]
[Site "Arnhem"]
[Date "1987.??.??"]
[Round "2"]
[White "Calinescu, Gruia"]
[Black "Hansen, Lars Bo"]
[Result "0-1"]
[WhiteElo "2240"]
[BlackElo "2355"]

1.d4 Nf6 2.Nf3 e6 3.c4 Bb4+ 4.Bd2 Qe7 5.g3 Nc6 6.Bg2 Bxd2+ 7.Nbxd2 O-O 8.O-O d6
9.e4 a5 10.d5 Nb8 11.dxe6 Bxe6 12.Rc1 c6 13.Re1 Na6 14.Nf1 Bg4 15.Qc2 Nb4
16.Qb1 Bxf3 17.Bxf3 a4 18.Ne3 g6 19.Rcd1 Nd7 20.Nc2 Nxc2 21.Qxc2 Nc5 22.Qc3 Qe5
23.Qd2 Rfd8 24.h4 Ne6 25.Bg4 Nc7 26.Bf3 a3 27.b3 Na6 28.Re2 c5 29.Bg2 Nb4
30.f4 Qe7 31.Qe1 Nc6 32.Kh2 Nd4 33.Red2 Rab8 34.Qf2 b5 35.cxb5 Rxb5 36.Rc1 Rb4
37.Rd3 Nc6 38.Rcd1 Rd4 39.Rxd4 Nxd4 40.Qd2 Qa7 41.Qc3 Re8 42.Re1 Qb6 43.Qc4 Qb4
44.Qxb4 cxb4 45.e5 dxe5 46.fxe5 Kf8 47.Re4 Rd8 48.Bf1 Nc6 49.e6 Rd2+ 50.Kh3 Rxa2
51.Bb5 Rc2 52.e7+ Nxe7 53.Rxb4 Nd5 54.Ra4 a2 55.Bc4 Nb4 56.Ra8+ Ke7  0-1

[Event "AUT-ch"]
[Site "Austria"]
[Date "1987.??.??"]
[Round "9"]
[White "Eisterer, Heinrich"]
[Black "Fauland, Alexander"]
[Result "1/2-1/2"]
[WhiteElo "2340"]
[BlackElo "2330"]

1.d4 Nf6 2.c4 e6 3.Nf3 Bb4+ 4.Bd2 a5 5.g3 b6 6.Bg2 Bb7 7.O-O O-O 8.Qc2 Be4
9.Qc1 Nc6 10.Be3 a4 11.Nc3 Bxc3 12.Qxc3 Qe7 13.Rfc1 Rfb8 14.Bg5 Ra5 15.Qe3 Bxf3
16.Bxf3 Nxd4 17.Qxd4 Rxg5 18.Qf4 Rc5 19.b4 axb3 20.axb3 e5 21.Qe3 e4 22.Ra7 b5
23.Bxe4 Nxe4 24.f3 Re5 25.fxe4 Rxe4 26.Qf3 Re3 27.Qf4 Rxb3 28.Rxc7 bxc4 29.R7xc4 Qe3+
30.Qxe3 Rxe3 31.Rc8+ Re8 32.Rxb8 Rxb8 33.h4 Kf8 34.Kf2 Ke7 35.Kf3 Ke6 36.Ra1 Rb5
37.Ra4 h5 38.Ra7 Rf5+ 39.Kg2 Rd5 40.Ra4 Ke5 41.Kf3 Ke6 42.Rb4 Rf5+ 43.Kg2 Ke5
44.Ra4 g6 45.Rb4 Rf6 46.Rb7 d5 47.Rb4 Rf5 48.Ra4 d4 49.Ra7 Ke4 50.Ra3 Rf6
51.Rb3 Rc6 52.Kf2 Rc2 53.Ra3 Rb2 54.Ra4 f6 55.Ra3 Rc2 56.Ra4 Rc5 57.Ra3 Rb5
58.Kg2 Rb2 59.Kf2 Rb6 60.Ra8 Rb5 61.Ra3 Rf5+ 62.Kg2 Rd5  1/2-1/2

[Event "FRG-ch"]
[Site "Bad Neuenahr"]
[Date "1987.??.??"]
[Round "?"]
[White "Muse, Mladen"]
[Black "Schoenthier, Frank"]
[Result "1/2-1/2"]
[WhiteElo "2405"]
[BlackElo "2315"]

1.d4 Nf6 2.Nf3 e6 3.c4 Bb4+ 4.Bd2 c5 5.Bxb4 cxb4 6.Nbd2 O-O 7.e4 d6 8.Bd3 e5
9.O-O Re8 10.Re1 Bg4 11.Qb3 Bxf3 12.Nxf3 exd4 13.c5 Nc6 14.Ng5 Re7 15.f4 Ng4
16.cxd6 Qxd6 17.e5 Qh6 18.Bxh7+ Kh8 19.Qg3 Ne3 20.Be4 f6 21.Nf3 Rd8 22.Nh4 Ree8
23.Rac1 fxe5 24.Ng6+ Kg8 25.fxe5 Ne7 26.Nh4 Rc8 27.Rxc8 Rxc8 28.Bxb7 Rc2
29.Be4 Rxb2 30.e6 g5 31.Ra1 Qxh4 32.Qb8+ Kg7 33.Qe5+ Kg8 34.Qb8+ Kg7 35.Qe5+ Kg8  1/2-1/2

[Event "Berlin op"]
[Site "Berlin-West"]
[Date "1987.??.??"]
[Round "?"]
[White "Akesson, Ralf"]
[Black "Kosten, Anthony C"]
[Result "1/2-1/2"]
[WhiteElo "2430"]
[BlackElo "2495"]

1.d4 Nf6 2.c4 e6 3.Nf3 Bb4+ 4.Bd2 c5 5.Bxb4 cxb4 6.a3 bxa3 7.Rxa3 O-O 8.Nc3 Nc6
9.e3 b6 10.Be2 d6 11.O-O Bb7 12.d5 exd5 13.cxd5 Nb4 14.e4 Re8 15.Bb5 Re7
16.Re1 a6 17.Bf1 Bc8 18.Nd4 Bd7 19.f3 Qe8 20.Kf2 Re5 21.Rb3 a5 22.Bb5 Bxb5
23.Ncxb5 Rd8 24.h3 Nh5 25.Rc3 g6 26.Qd2 Qe7 27.g3 Qf6 28.f4 g5 29.Rf3 gxf4
30.gxf4 Ree8 31.Nf5 Rxe4 32.Rxe4 Qxf5 33.Nc3 Nf6 34.Re1 Kf8 35.Kg1 Nfxd5
36.Nxd5 Qxd5 37.Qxd5 Nxd5 38.f5 Nf6 39.Rc3 Nd7 40.Rc7 Ne5 41.Re3 Kg7 42.Rb7 Kf6
43.Kf2 Kxf5 44.Rxb6 f6 45.Ra6 Rb8 46.b3 d5 47.Rxa5 d4 48.Rf3+ Kg6 49.Rg3+ Kf5
50.Rd5 Ke4 51.Rd6 f5 52.Re6 h5 53.Rg5 Rxb3 54.Rxh5 Rb2+ 55.Ke1 d3 56.Rh8 Kd5
57.Re7 Kd6 58.Ra7 Nf3+ 59.Kf1 Nh2+ 60.Ke1 Ke5 61.Rd8 Nf3+  1/2-1/2

[Event "Biel schev"]
[Site "Biel"]
[Date "1987.??.??"]
[Round "?"]
[White "Nemet, Ivan"]
[Black "Hund, Barbara"]
[Result "1-0"]
[WhiteElo "2390"]
[BlackElo "2370"]

1.d4 Nf6 2.c4 e6 3.Nf3 Bb4+ 4.Bd2 a5 5.g3 b6 6.Bg2 Bb7 7.O-O Bxd2 8.Nbxd2 d6
9.d5 exd5 10.Nh4 O-O 11.Nf5 Nbd7 12.Ne3 Nc5 13.Nxd5 Re8 14.Nf3 b5 15.Nxf6+ Qxf6
16.cxb5 Qxb2 17.Nd4 Bxg2 18.Kxg2 Ne6 19.Nxe6 Rxe6 20.Qd5 Rae8 21.Rac1 Re5
22.Qc6 Qxb5 23.Qxb5 Rxb5 24.Rxc7 Rb2 25.e3 h5 26.Ra7 Rxa2 27.Rb1 Re6 28.Rb8+ Kh7
29.Rxf7 h4 30.Rbb7 Rg6 31.Rf4 hxg3 32.hxg3 a4 33.Ra7 a3 34.g4 Re6 35.Kg3 Ra1
36.Rfa4 a2 37.Kg2 Rg6 38.Rd4 Rf6 39.Raa4 Rg6 40.Kf3 Rf6+ 41.Ke2 Rg6 42.Kf3 Rf6+
43.Kg2 Rg6 44.Rd2 Rg1+ 45.Kxg1 Rxg4+ 46.Rxg4 a1=Q+ 47.Kg2 Qa8+ 48.Kh2 Qf3
49.Rg5 Qf6 50.Rgd5 Qh4+ 51.Kg1 Qg4+ 52.Kf1 Qc4+ 53.R2d3 Qc1+ 54.Kg2 Qc6 55.Kg3 Qc1
56.Rd1 Qc3 57.Rh1+ Kg8 58.Rh4 Qa1 59.Kg2 Qa8 60.e4  1-0

[Event "Brussels blitz"]
[Site "Brussels"]
[Date "1987.??.??"]
[Round "?"]
[White "Karpov, Anatoly"]
[Black "Short, Nigel D"]
[Result "1-0"]
[WhiteElo "2710"]
[BlackElo "2615"]

1.d4 e6 2.c4 Nf6 3.Nf3 Bb4+ 4.Bd2 c5 5.Bxb4 cxb4 6.g3 b6 7.Bg2 Bb7 8.O-O O-O
9.Nbd2 d6 10.Ne1 Bxg2 11.Kxg2 Nc6 12.e3 e5 13.Qa4 Qd7 14.d5 Ne7 15.Qxb4 h5
16.Nef3 Rad8 17.e4 Qg4 18.h3 Qg6 19.Rae1 Nd7 20.Qa3 a5 21.Qe3 f5 22.Nh4 Qf6
23.exf5 Nxf5 24.Nxf5 Qxf5 25.Re2 Nc5 26.b3 Rf7 27.Ne4 Qd7 28.Ng5 Rf5 29.h4 Rdf8
30.a3 Qe7 31.b4 axb4 32.axb4 Nd7 33.Ne6 Rc8 34.Qd3 Qf7 35.Ra2 b5 36.cxb5 Nb6
37.Ra6 e4 38.Qxe4 Nxd5 39.Rxd6 Nc3 40.Qd3 Nxb5 41.Rd8+  1-0

[Event "Brussels blitz"]
[Site "Brussels"]
[Date "1987.??.??"]
[Round "?"]
[White "Huebner, Robert"]
[Black "Short, Nigel D"]
[Result "1/2-1/2"]
[WhiteElo "2615"]
[BlackElo "2615"]

1.d4 Nf6 2.c4 e6 3.Nf3 Bb4+ 4.Bd2 a5 5.Nc3 b6 6.e3 Bb7 7.Bd3 d6 8.O-O Nbd7
9.Qc2 O-O 10.e4 e5 11.d5 Nc5 12.Rfe1 Nxd3 13.Qxd3 h6 14.b3 Bc8 15.h3 Nh7
16.a3 Bxc3 17.Qxc3 f5 18.exf5 Bxf5 19.b4 Nf6 20.bxa5 Rxa5 21.Qb3 Ra8 22.a4 Ne4
23.Bb4 Ng5 24.Nxg5 Qxg5 25.a5 bxa5 26.Bxa5 Rf7 27.Bb4 Rxa1 28.Rxa1 Be4 29.Qg3 Qxg3
30.fxg3 Bd3 31.c5 dxc5 32.Bxc5 Rd7 33.Ra7 Rxd5 34.Rxc7 Be4 35.Be3 Bg6  1/2-1/2

[Event "Brussels blitz"]
[Site "Brussels"]
[Date "1987.??.??"]
[Round "?"]
[White "Karpov, Anatoly"]
[Black "Van der Wiel, John TH"]
[Result "1-0"]
[WhiteElo "2710"]
[BlackElo "2590"]

1.d4 Nf6 2.c4 e6 3.Nf3 Bb4+ 4.Bd2 a5 5.g3 b6 6.Bg2 O-O 7.O-O Bb7 8.Bg5 Be7
9.Nc3 Ne4 10.Nxe4 Bxe4 11.Bxe7 Qxe7 12.Qd2 d6 13.Qe3 Bxf3 14.Bxf3 Ra7 15.Rac1 c6
16.d5 c5 17.dxe6 fxe6 18.Rfd1 Rd7 19.Rd3 Na6 20.Rb3 Rb8 21.Rd1 Nc7 22.Qe4 b5
23.Qc6 b4 24.Rbd3 Ne8 25.Qa4 Nf6 26.Bc6 Rdd8 27.Qxa5 Ng4 28.f4 h5 29.Bf3 Nf6
30.Qa6 d5 31.cxd5 exd5 32.Bxd5+ Nxd5 33.Rxd5 Qe3+ 34.Kf1 Re8 35.Qd3 Qe6 36.Rxh5 c4
37.Qh7+ Kf8 38.Rf5+ Ke7 39.Qxg7+  1-0

[Event "Brussels blitz"]
[Site "Brussels"]
[Date "1987.??.??"]
[Round "?"]
[White "Timman, Jan H"]
[Black "Short, Nigel D"]
[Result "1-0"]
[WhiteElo "2590"]
[BlackElo "2615"]

1.d4 Nf6 2.c4 e6 3.Nf3 Bb4+ 4.Bd2 c5 5.Bxb4 cxb4 6.Qc2 d5 7.e3 O-O 8.Bd3 a5
9.Nbd2 Nc6 10.O-O Qe7 11.e4 dxe4 12.Nxe4 h6 13.c5 Rd8 14.Rad1 Bd7 15.Rfe1 Rab8
16.Bc4 Nxe4 17.Qxe4 Qf6 18.Bd3 g6 19.h4 b6 20.Ne5 Rbc8 21.Ba6 Ne7 22.Bxc8 Bxc8
23.cxb6 Nd5 24.Rc1 Bb7 25.Nc6 Ra8 26.Rc5 Nxb6 27.Rb5 Ra6 28.Qe5 Qxe5 29.Nxe5 Bd5
30.a3 b3 31.Ng4 Bc4 32.Rc5 Kg7 33.Ne3 Bd3 34.Rc3 Be4 35.Rxb3 Nd5 36.Nxd5 Bxd5
37.Rc3 a4 38.Rec1 Rb6 39.R1c2 Rb5 40.f3 g5 41.hxg5 hxg5 42.Kf2 Kg6 43.Rc8 f5
44.Ra8 Bb3 45.Rc5 Rb6 46.Rac8 Rd6 47.Ke3 f4+ 48.Ke4 Kf6 49.Rf8+ Ke7 50.Rh8 Bd5+
51.Ke5 Kf7 52.Kxd6  1-0

[Event "Noviki-A"]
[Site "Budapest"]
[Date "1987.??.??"]
[Round "?"]
[White "Horvath, Jozsef"]
[Black "Kindermann, Stefan"]
[Result "0-1"]
[WhiteElo "2465"]
[BlackElo "2490"]

1.d4 Nf6 2.c4 e6 3.Nf3 Bb4+ 4.Bd2 c5 5.Bxb4 cxb4 6.g3 b6 7.Bg2 Bb7 8.O-O O-O
9.Nbd2 d6 10.Re1 Nfd7 11.e4 e5 12.Nf1 Qc7 13.b3 Nf6 14.Qd3 Nbd7 15.Nh4 Rfe8
16.Rad1 Rad8 17.f3 Nf8 18.Bh3 Bc8 19.Bxc8 Rxc8 20.Nf5 g6 21.Qe3 N6d7 22.Nh6+ Kg7
23.Ng4 h5 24.Qh6+ Kg8 25.Nge3 Ne6 26.Nd5 Qd8 27.dxe5 Nxe5 28.Qe3 Nc6 29.Qd2 Ne5
30.Re3 a5 31.f4 Ng4 32.Qb2 Nc7 33.Re2 Nxd5 34.Rxd5 Nf6 35.Rd4 b5 36.cxb5 Qb6
37.Kg2 Qxb5 38.Rxd6 Nxe4 39.Rd4 Qc6 40.Kg1 Nc3  0-1

[Event "Buenos Aires BCA"]
[Site "Buenos Aires"]
[Date "1987.??.??"]
[Round "4"]
[White "Abarca Aguirre, Manuel"]
[Black "Panno, Oscar"]
[Result "1/2-1/2"]
[WhiteElo "2355"]
[BlackElo "2520"]

1.d4 Nf6 2.c4 e6 3.Nf3 Bb4+ 4.Bd2 a5 5.g3 d5 6.Qc2 Nc6 7.Bg2 Ne4 8.O-O O-O
9.Be3 Be7 10.Nc3 Nxc3 11.Qxc3 a4 12.Rfd1 Bd7 13.Ne1 dxc4 14.Qxc4 Na5 15.Qc3 Bc6
16.Bxc6 Nxc6 17.Nd3 Qd5 18.Nf4 Qf5 19.d5 Bf6  1/2-1/2

[Event "Camaguey-B"]
[Site "Camaguey"]
[Date "1987.??.??"]
[Round "?"]
[White "Estevez, Guillermo"]
[Black "Lebredo, Gerardo"]
[Result "1-0"]
[WhiteElo "2395"]
[BlackElo "2395"]

1.d4 e6 2.c4 Nf6 3.Nf3 Bb4+ 4.Bd2 a5 5.g3 d5 6.Qc2 Nc6 7.Bg2 dxc4 8.Qxc4 Qd5
9.Qd3 O-O 10.O-O Rd8 11.Nc3 Qh5 12.Bf4 Rd7 13.h3 a4 14.a3 Bd6 15.Bxd6 cxd6
16.e4 b6 17.Qc2 Bb7 18.Nxa4 Qb5 19.Nc3 Qc4 20.Rfd1 Na5 21.e5 Be4 22.Qc1 Nb3
23.Nd2 Nxc1 24.Nxc4 Bxg2 25.Rdxc1  1-0

[Event "Camaguey-A"]
[Site "Camaguey"]
[Date "1987.??.??"]
[Round "?"]
[White "Garcia Gonzales, Guillermo"]
[Black "Lanc, Alois"]
[Result "1/2-1/2"]
[WhiteElo "2495"]
[BlackElo "2495"]

1.d4 Nf6 2.Nf3 e6 3.c4 Bb4+ 4.Bd2 c5 5.e3 O-O 6.Be2 b6 7.O-O Bb7 8.Nc3 Bxc3
9.Bxc3 Ne4 10.Qc2 Nxc3 11.Qxc3 d6 12.dxc5 dxc5 13.Rfd1 Qf6 14.Qxf6 gxf6 15.Ne1 Nc6
16.Rd7 Na5 17.Rad1 Bc6 18.R7d2 Rfc8 19.b3 Kf8 20.Bf3 Ke8 21.Kf1 Bxf3 22.Nxf3 Nc6
23.Ke2 Rd8 24.g4 Rxd2+ 25.Nxd2 Ke7 26.Rg1 a5 27.a4 Rd8 28.Ne4 Nb4 29.Rd1 Rxd1
30.Kxd1 Nd3 31.f4 Nb4 32.Ke2 Na6 33.Kf3 Nc7 34.Kg3 Na6 35.Kf3 Nc7 36.Nf2 Ne8
37.Kg3 Nd6 38.Kf3 f5 39.g5  1/2-1/2

[Event "Camaguey-B"]
[Site "Camaguey"]
[Date "1987.??.??"]
[Round "?"]
[White "Arencibia, Walter"]
[Black "Lebredo, Gerardo"]
[Result "1-0"]
[WhiteElo "2420"]
[BlackElo "2395"]

1.d4 Nf6 2.c4 e6 3.Nf3 Bb4+ 4.Bd2 a5 5.Nc3 b6 6.e3 Bb7 7.Bd3 d6 8.Qc2 Nbd7
9.e4 O-O 10.O-O Bxc3 11.Bxc3 Nh5 12.Qd2 Qf6 13.Rfe1 e5 14.Rad1 Rfe8 15.d5 Nc5
16.Bc2 Bc8 17.Re3 Bg4 18.Kh1 Qh6 19.Rde1 Rf8 20.Nh4 Nf6 21.g3 Bd7 22.f3 Nh5
23.Qf2 g5 24.Ng2 Ng7 25.g4 Qg6 26.h4 f6 27.R3e2 b5 28.cxb5 Bxb5 29.Rd2 Qe8
30.Ne3 Kf7 31.Kg2 Rh8 32.h5 h6 33.b3 a4 34.b4 Nd7 35.a3 Nb6 36.Bd3 Bxd3 37.Rxd3 Qb5
38.Qc2 Rhc8 39.Red1 Ne8 40.Qa2 Kg7 41.Nf5+ Kh7 42.Be1 Rcb8 43.Rc3 Nc8 44.Rdc1 Rb7
45.Bf2 Qd7 46.Qc2 Ne7 47.Nxe7 Qxe7 48.Rc6 Kg7 49.Qc4 Qf7 50.Ra6 Rxa6 51.Qxa6 Rb8
52.Qxa4 f5 53.gxf5 Rd8 54.Rh1 Nf6 55.Qc6 g4 56.b5 gxf3+ 57.Kxf3 Kh8 58.b6 cxb6
59.Bxb6 Rd7 60.Be3 Rd8 61.Bxh6 Qa7 62.Qc1 Qa4 63.Bg7+ Kxg7 64.Qg5+ Kf7 65.Qg6+ Ke7
66.Qg7+ Ke8 67.Qxf6 Qxa3+ 68.Kg4 Qe3 69.Qg6+ Kd7 70.f6 Qf4+ 71.Kh3 Qf3+ 72.Kh2 Qe2+
73.Kg3 Qe3+ 74.Kh4 Qf2+ 75.Qg3 Qxf6+ 76.Kh3 Rg8 77.Qxg8 Qf3+ 78.Kh2 Qxh5+
79.Kg2 Qe2+ 80.Kg3 Qe3+ 81.Kh4 Qh6+ 82.Kg4 Qxh1 83.Qe6+ Kc7 84.Qe7+ Kc8 85.Qe8+ Kb7
86.Qc6+ Ka7 87.Qa4+ Kb7 88.Kf5 Qh6 89.Qb5+ Kc7 90.Qc6+ Kb8 91.Qe8+ Kc7 92.Qg6 Qf8+
93.Qf6 Qb8 94.Ke6 Qc8+ 95.Kf7 Qb8 96.Qg5 Kb6 97.Qe3+ Kc7 98.Qc3+ Kd8 99.Qa5+ Kd7
100.Qa4+  1-0

[Event "Cannes"]
[Site "Cannes"]
[Date "1987.??.??"]
[Round "?"]
[White "Haik, Aldo"]
[Black "Sharif, Mershad"]
[Result "1/2-1/2"]
[WhiteElo "2470"]
[BlackElo "2450"]

1.d4 Nf6 2.c4 e6 3.Nf3 Bb4+ 4.Bd2 Qe7 5.g3 Nc6 6.Bg2 Bxd2+ 7.Nbxd2 d6 8.O-O a5
9.e4 O-O 10.d5 Nb8 11.dxe6 Bxe6 12.Nd4 Nbd7 13.Re1 Nc5 14.Qc2 c6 15.Nf1 Rfe8
16.Rad1 Qc7 17.Ne3 a4 18.Ndf5 Bxf5 19.Nxf5 Re6 20.Qc3 Rae8 21.f3 d5 22.cxd5 cxd5
23.Rxd5 Rc6 24.Qd2 g6 25.Rd6 gxf5 26.Qg5+ Kf8 27.Qh6+ Kg8 28.Qg5+ Kf8 29.Qh6+ Kg8  1/2-1/2

[Event "HUN-ch op"]
[Site "Eger"]
[Date "1987.??.??"]
[Round "?"]
[White "Horvath, Gyula"]
[Black "Eperjesi, Laszlo"]
[Result "1-0"]
[WhiteElo "2440"]
[BlackElo "2335"]

1.Nf3 Nf6 2.d4 e6 3.c4 Bb4+ 4.Bd2 a5 5.g3 b6 6.Bg2 Ba6 7.b3 Bb7 8.O-O O-O
9.Nc3 c6 10.Qc2 d5 11.Bf4 Na6 12.a3 Bd6 13.Bxd6 Qxd6 14.e4 Qe7 15.e5 Ne8
16.Rfc1 Rb8 17.Na4 dxc4 18.bxc4 b5 19.Nc3 bxc4 20.Ne4 c5 21.Nfg5 g6 22.Qxc4 h6
23.Nh3 cxd4 24.Qxd4 Bxe4 25.Bxe4 Nac7 26.Qa7 Rd8 27.Qxa5 Nd5 28.Bxd5 Rxd5
29.Qc3 g5 30.a4 Ng7 31.a5 Ra8 32.a6 Nf5 33.Kf1 Qd7 34.Ng1 Ne7 35.Qf3 Ra7
36.Qf6 Ng6 37.Nf3 Qd8 38.Qxd8+ Rxd8 39.Rc5 g4 40.Ne1 Ne7 41.Ke2 Rda8 42.Rc4 Rxa6
43.Rxg4+ Kf8 44.Rxa6 Rxa6 45.Rc4 Ra5 46.Nd3 Ng6 47.Re4 h5 48.h3 Kg7 49.Ke3 Ra3
50.Ke2 Ra2+ 51.Ke3 Ra3 52.Kd2 Ra2+ 53.Kc3 Ra5 54.Kb3 Rd5 55.Kc4 Ra5 56.Re2 Rd5
57.f4 Rd8 58.Ra2 Ne7 59.Ra7 Nf5 60.Nc5 Kg6 61.Ra3 Rd4+ 62.Kb5 h4 63.g4 Ng3
64.Rf3 Rd1 65.Kc6 Rh1 66.Kd7 Rc1 67.Nxe6 fxe6 68.Kxe6 Ne2 69.f5+ Kg5 70.Kd6 Rd1+
71.Ke7 Nd4 72.Rc3 Re1 73.e6 Ne2 74.Re3 Kf4 75.Rxe2 Rxe2 76.f6 Ke5 77.Kf7 Kf4
78.e7 Kg5 79.e8=Q Rxe8 80.Kxe8 Kxf6  1-0

[Event "HUN-ch op"]
[Site "Eger"]
[Date "1987.??.??"]
[Round "?"]
[White "Feher, Gyula"]
[Black "Porubszky Angyalosine, Maria A"]
[Result "1-0"]
[WhiteElo "2335"]
[BlackElo "2210"]

1.d4 Nf6 2.Nf3 e6 3.c4 Bb4+ 4.Bd2 Qe7 5.g3 b6 6.Bg2 Bb7 7.O-O Bxd2 8.Nbxd2 O-O
9.Qc2 c5 10.e4 cxd4 11.e5 Ne8 12.Ng5 Qxg5 13.Bxb7 Nc7 14.Bxa8 Nxa8 15.f4 Qe7
16.Nf3 Nc6 17.Rad1 Qc5 18.Qd3 f6 19.a3 a5 20.b4 axb4 21.axb4 Qxb4 22.exf6 gxf6
23.Nxd4 Qc5 24.Rf2 Na5 25.Nb3 Nxb3 26.Qxb3 Rf7 27.Qa4 Nc7 28.Rxd7 Rxd7 29.Qxd7 Qxc4
30.Rd2 Qc5+ 31.Kg2 Kf8 32.Qxh7 Nd5 33.Kh3 Nxf4+ 34.Kg4 Nd5 35.Qd3 b5 36.Ra2 Kg7
37.Ra6 f5+ 38.Kh3 Kf6 39.Qd2 f4 40.gxf4 b4 41.Kh4 Qc4 42.Ra8 Nxf4 43.Rf8+ Ke5
44.Qe3+ Qe4 45.Qxe4+ Kxe4 46.Kg4 e5 47.Rb8 Nd5 48.h4 Kd4 49.Kg5 e4 50.h5 e3
51.Re8 b3 52.h6 b2 53.h7 b1=Q 54.h8=Q+ Kc5 55.Rc8+ Kd6 56.Qd8+ Ke5 57.Qe8+ Kd4
58.Qh8+  1-0

[Event "HUN-ch op"]
[Site "Eger"]
[Date "1987.??.??"]
[Round "?"]
[White "Horvath, Gyula"]
[Black "Eperjesi, Laszlo"]
[Result "1-0"]
[WhiteElo "2435"]
[BlackElo "2325"]

1.Nf3 Nf6 2.d4 e6 3.c4 Bb4+ 4.Bd2 a5 5.g3 b6 6.Bg2 Ba6 7.b3 Bb7 8.O-O O-O
9.Nc3 c6 10.Qc2 d5 11.Bf4 Na6 12.a3 Bd6 13.Bxd6 Qxd6 14.e4 Qe7 15.e5 Ne8
16.Rfe1 Rb8 17.Na4 dxc4 18.bxc4 b5 19.Nc3 bxc4 20.Ne4 c5 21.Nfg5 g6 22.Qxc4 h6
23.Nh3 cxd4 24.Qxd4 Bxe4 25.Bxe4 Nac7 26.Qa7 Rd8 27.Qxa5 Nd5 28.Bxd5 Rxd5
29.Qc3 g5 30.a4 Ng7 31.a5 Ra8 32.a6 Nf5 33.Kf1 Qd7 34.Ng1 Ne7 35.Qf3 Ra7
36.Qf6 Ng6 37.Nf3 Qd8 38.Qxd8+ Rxd8 39.Rec1 g4 40.Ne1 Ne7 41.Ke2 Rda8 42.Rc4 Rxa6
43.Rxg4+ Kf8 44.Rxa6 Rxa6 45.Rc4 Ra5 46.Nd3 Ng6 47.Re4 h5 48.h3 Kg7 49.Ke3 Ra3
50.Ke2 Ra2+ 51.Ke3 Ra3 52.Kd2 Ra2+ 53.Kc3 Ra5 54.Kb3 Rd5 55.Kc4 Ra5 56.Re2 Rd5
57.f4 Rd8 58.Ra2 Ne7 59.Ra7 Nf5 60.Nc5 Kg6 61.Ra3 Rd4+ 62.Kb5 h4 63.g4 Ng3
64.Rf3 Rd1 65.Kc6 Rh1 66.Kd7 Rc1 67.Nxe6 fxe6 68.Kxe6 Ne2 69.f5+ Kg5 70.Kd6 Rd1+
71.Ke7 Nd4 72.Rc3 Re1 73.e6 Ne2 74.Re3 Kf4 75.Rxe2 Rxe2 76.f6 Ke5 77.Kf7 Kf4
78.e7 Kg5 79.e8=Q Rxe8 80.Kxe8 Kxf6 81.Kd7 Ke5 82.Ke7 Kf4 83.Kf6 Kg3 84.g5 Kxh3
85.g6 Kh2 86.g7 h3 87.g8=Q Kh1 88.Qd5+ Kg1 89.Qd4+  1-0

[Event "Espoo"]
[Site "Espoo"]
[Date "1987.??.??"]
[Round "4"]
[White "Lukacs, Peter"]
[Black "Raaste, Eero J"]
[Result "1/2-1/2"]
[WhiteElo "2500"]
[BlackElo "2370"]

1.d4 Nf6 2.c4 e6 3.Nf3 Bb4+ 4.Bd2 Qe7 5.g3 O-O 6.Bg2 Bxd2+ 7.Qxd2 d6 8.Nc3 e5
9.O-O Re8 10.e4 a5 11.h3 c6 12.Rad1 Nbd7 13.Rfe1 h6 14.Kh2 Nb6 15.b3 a4 16.Qe3 axb3
17.axb3 Nbd7 18.Ra1 Rxa1 19.Rxa1 exd4 20.Nxd4 Nc5 21.Re1 Qc7 22.b4 Na6 23.b5  1/2-1/2